Modern Tibetan grammar / (Record no. 89579)
[ view plain ]
| 000 -LEADER | |
|---|---|
| fixed length control field | 01470cam a22003611a 4500 |
| 001 - CONTROL NUMBER | |
| control field | sa 68020753 |
| 003 - CONTROL NUMBER IDENTIFIER | |
| control field | DLC |
| 005 - DATE AND TIME OF LATEST TRANSACTION | |
| control field | 20260227112727.0 |
| 008 - FIXED-LENGTH DATA ELEMENTS--GENERAL INFORMATION | |
| fixed length control field | 820217s1966 ii c 000 0 tib |
| 010 ## - LIBRARY OF CONGRESS CONTROL NUMBER | |
| LC control number | sa 68020753 |
| 020 ## - INTERNATIONAL STANDARD BOOK NUMBER | |
| Terms of availability | Rs5.00 |
| 025 ## - OVERSEAS ACQUISITION NUMBER | |
| Overseas acquisition number | PL480:I-Tib-135 |
| 035 ## - SYSTEM CONTROL NUMBER | |
| System control number | (OCoLC)8160427 |
| 040 ## - CATALOGING SOURCE | |
| Original cataloging agency | DLC |
| Transcribing agency | InU |
| Modifying agency | DLC |
| 042 ## - AUTHENTICATION CODE | |
| Authentication code | premarc |
| 043 ## - GEOGRAPHIC AREA CODE | |
| Geographic area code | a-cc-ti |
| 050 00 - LIBRARY OF CONGRESS CALL NUMBER | |
| Classification number | PL3611.T53 |
| Item number | D2736 |
| 100 0# - MAIN ENTRY--PERSONAL NAME | |
| Personal name | Padma-mchog-dpal-bzaṅ-po, |
| Titles and words associated with a name | Dkaʼ-chen. |
| 245 10 - TITLE STATEMENT | |
| Title | Modern Tibetan grammar / |
| Statement of responsibility, etc. | by Kachen-Padma ; edited, L. Jamspal. |
| 260 ## - PUBLICATION, DISTRIBUTION, ETC. | |
| Place of publication, distribution, etc. | Varanasi : |
| Name of publisher, distributor, etc. | Champa-Legtshog, |
| Date of publication, distribution, etc. | 1966. |
| 300 ## - PHYSICAL DESCRIPTION | |
| Extent | 7, i, 59 p. : |
| Other physical details | port. ; |
| Dimensions | 19 cm. |
| 500 ## - GENERAL NOTE | |
| General note | In Tibetan. |
| 500 ## - GENERAL NOTE | |
| General note | Cover title: Legs bśad ljon dbaṅ gi ʼgrel chuṅ Brda sprod tshig gi gliṅ bu. |
| 500 ## - GENERAL NOTE | |
| General note | Includes the author's Sum cu paʼi zur rgyan Legs bśad padma dkar poʼi phreṅ ba. |
| 600 00 - SUBJECT ADDED ENTRY--PERSONAL NAME | |
| Personal name | Dbyaṅs-can-grub-paʼi-rdo-rje, |
| Titles and other words associated with a name | Dṅul-chu, |
| Dates associated with a name | 1809-1887. |
| Title of a work | Sum cu paʼi sñiṅ po Legs bśad ljon paʼi dbaṅ po. |
| 600 00 - SUBJECT ADDED ENTRY--PERSONAL NAME | |
| Personal name | Thon-mi Sambhoṭa, |
| Dates associated with a name | active 632. |
| Title of a work | Sum cu pa. |
| 650 #0 - SUBJECT ADDED ENTRY--TOPICAL TERM | |
| Topical term or geographic name entry element | Tibetan language |
| General subdivision | Grammar. |
| 650 #0 - SUBJECT ADDED ENTRY--TOPICAL TERM | |
| Topical term or geographic name entry element | Tibetan language |
| General subdivision | Texts. |
| 700 1# - ADDED ENTRY--PERSONAL NAME | |
| Personal name | Jamspal, L., |
| Dates associated with a name | 1936- |
| 700 02 - ADDED ENTRY--PERSONAL NAME | |
| Personal name | Padma-mchog-dpal-bzaṅ-po, |
| Titles and other words associated with a name | Dkaʼ-chen. |
| Title of a work | Sum cu paʼi zur rgyan Legs bśad padma dkar poʼi phreṅ ba. |
| 740 0# - ADDED ENTRY--UNCONTROLLED RELATED/ANALYTICAL TITLE | |
| Uncontrolled related/analytical title | Sum cu paʼi zur rgyan Legs bśad padma dkar poʼi phreṅ ba. |
| 740 0# - ADDED ENTRY--UNCONTROLLED RELATED/ANALYTICAL TITLE | |
| Uncontrolled related/analytical title | Legs bśad ljon dbaṅ gi ʼgrel chuṅ Brda sprod tshig gi gliṅ bu. |
No items available.